Compendio de la historia de los papas: 2000 años de historia de la iglesia
Αποθηκεύτηκε σε:
| Κύριος συγγραφέας: | |
|---|---|
| Μορφή: | Βιβλίο |
| Γλώσσα: | Ισπανικά |
| Έκδοση: |
Valencia
Edicep
2000
|
| Θέματα: | |
| Ετικέτες: |
Προσθήκη ετικέτας
Δεν υπάρχουν, Καταχωρήστε ετικέτα πρώτοι!
|
MARC
| LEADER | 00000nam a2200000 a 4500 | ||
|---|---|---|---|
| 001 | UCL4997 | ||
| 003 | CL-VaPUC | ||
| 008 | 040227e20000000SP |||||||||||||||||spa|d | ||
| 020 | |a 8470504576 | ||
| 082 | 0 | 4 | |a 270 |b SCH |2 21 |
| 100 | 0 | |a Schenk Sanchís, Juan E |e author |9 482740 | |
| 245 | 1 | 0 | |a Compendio de la historia de los papas: 2000 años de historia de la iglesia |
| 300 | |a 312 p | ||
| 942 | |c BK | ||
| 945 | |d 20040227 00:00:00 |a cmena | ||
| 260 | |a Valencia |b Edicep |c 2000 | ||
| 650 | 0 | |a Patrística |9 322007 | |
| 650 | 0 | |a Historia de la iglesia católica |9 310593 | |
| 583 | |a last modification |c 20040227 00:00:00 |k Rodrigo Vera | ||
| 999 | |c 307741 |d 307739 | ||
| 952 | |0 0 |1 2 |4 0 |6 270_000000000000000_SCH_2000 |7 0 |8 A |9 373831 |a BIBTEO |b BIBTEO |d 2019-11-21 |i 3957861 |o 270 SCH 2000 |p 3957861 |r 2019-11-21 |w 2019-11-21 |y BK |k ICR | ||